000 00515nam a2200181Ia 4500
005 20250923145026.0
008 008 250917s9999 xx 000 0 eng d
037 _aTextual
040 _aDSWL
_beng
_cDSWL
041 _aeng
_2eng
084 _aX:8, J71
_qDSWL
100 _aDavis, Keith
_9830994
245 0 _aHuman relations at work
_cby Keith Davis
260 _aNew York
_b McGraw Hill Book Co.
_c1962
300 _aix,168 p.
942 _cTEXL
_hX:8, J71
999 _c1446186
_d1446186